[Event "Open de la Loire 2014-2015"]
[Site "Aurec"]
[Date "2015.03.28"]
[Round "8.4"]
[White "Acikgoz, Tuncay"]
[Black "Barrandon, Georges"]
[Result "1-0"]
[WhiteElo "1610"]
[BlackElo "1460"]
[PlyCount "77"]
[EventDate "2015.??.??"]

1. d4 d5 2. Nf3 Nf6 3. g3 e6 4. Bg2 c5 5. c3 Be7 6. O-O O-O 7. dxc5 Bxc5 8. Bg5
h6 9. Bxf6 Qxf6 10. Qb3 Nc6 11. Nbd2 Qe7 12. e4 d4 13. cxd4 Nxd4 14. Nxd4 Bxd4
15. Nf3 Bc5 16. Rac1 b6 17. Rfd1 Bb7 18. Ne5 Rad8 19. Qc4 Qf6 20. Nd3 Rd4 21.
Qc2 Bxe4 22. Bxe4 Rc8 23. Nxc5 Rxd1+ 24. Qxd1 bxc5 25. Qd7 Rd8 26. Qc6 g6 27.
Qxc5 Qxb2 28. Qc2 Qd4 29. Bf3 Rb8 30. Rd1 Qe5 31. Qd2 Rb2 32. Qxh6 Qc7 33. Qg5
Kg7 34. Qd8 Qc2 35. Qd4+ Kh7 36. Qxa7 Rxa2 37. Qxf7+ Kh6 38. Qf4+ Kh7 39. Rd7+
1-0

[Event "Open de la Loire 2014-2015"]
[Site "Aurec"]
[Date "2015.03.28"]
[Round "8.5"]
[White "Schuhmann, Alain"]
[Black "Desassis, Jean-Francois"]
[Result "1-0"]
[WhiteElo "1520"]
[BlackElo "1550"]
[PlyCount "64"]
[EventDate "2015.??.??"]

1. e4 c5 2. f4 e5 3. Nf3 exf4 4. d4 cxd4 5. Qxd4 Nc6 6. Qd5 Nf6 7. Qd2 Nxe4 8.
Qxf4 d5 9. Bb5 Qa5+ 10. Nc3 Nxc3 11. Bxc6+ bxc6 12. Qe5+ Be6 13. bxc3 Qc5 14.
Be3 Qd6 15. O-O Rg8 16. Rab1 f6 17. Qxd6 Bxd6 18. Nd4 Kd7 19. Rb7+ Bc7 20. Nxe6
Kxe6 21. Rxc7 Rac8 22. Rxa7 Ra8 23. Rb1 Rxa7 24. Bxa7 Ra8 25. Rb7 Rg8 26. a4
Kd6 27. a5 c5 28. Bb6 c4 29. Bd4 Kc6 30. a6 h6 31. Rb1 Re8 32. a7 Ra8 1-0

[Event "Open de la Loire 2014-2015"]
[Site "Aurec"]
[Date "2015.03.28"]
[Round "8.6"]
[White "Libiszewski, Christian"]
[Black "Boeuf, Jeremy"]
[Result "0-1"]
[WhiteElo "1428"]
[BlackElo "1585"]
[PlyCount "59"]
[EventDate "2015.??.??"]

1. e4 d5 2. exd5 Nf6 3. d4 Nxd5 4. Nf3 Bf5 5. Bc4 e6 6. O-O Bd6 7. Re1 O-O 8.
Nbd2 Nd7 9. Nf1 h6 10. Bd3 Bxd3 11. Qxd3 b6 12. a3 c5 13. c4 N5f6 14. dxc5 Nxc5
15. Qc3 a5 16. Be3 Qc7 17. N3d2 a4 18. f3 Rfd8 19. Bxh6 gxh6 20. Qxf6 Bxh2+ 21.
Nxh2 Rxd2 22. Qxh6 Rxb2 23. Ng4 Nd7 24. Re4 Qg3 25. Ne3 Ne5 26. Qh5 Ng6 27. Qg4
Qxg4 28. Nxg4 f5 29. Nf6+ Kf7 30. Nh5 0-1

[Event "Open de la Loire 2014-2015"]
[Site "Aurec"]
[Date "2015.03.28"]
[Round "8.7"]
[White "Volay, Pascal"]
[Black "Vier, Serge"]
[Result "1/2-1/2"]
[WhiteElo "1480"]
[BlackElo "1665"]
[PlyCount "78"]
[EventDate "2015.??.??"]

1. d4 d5 2. c4 e6 3. Nc3 Nf6 4. Bg5 Nbd7 5. e3 c6 6. Nf3 Qa5 7. a3 dxc4 8. Bxf6
Nxf6 9. Bxc4 Ne4 10. Qc2 Nxc3 11. Qxc3 Qc7 12. O-O Bd6 13. e4 Bf4 14. g3 Bh6
15. e5 O-O 16. Rfe1 Rd8 17. b4 Bd7 18. Bd3 Rac8 19. h4 g6 20. Re4 b6 21. Rg4 c5
22. bxc5 bxc5 23. h5 cxd4 24. Qxc7 Rxc7 25. hxg6 fxg6 26. Rxd4 Rdc8 27. Ba6 Rb8
28. Rad1 Be8 29. Rd8 Rxd8 30. Rxd8 Kf7 31. Rc8 Rxc8 32. Bxc8 Bc1 33. Nd4 Bxa3
34. Bxe6+ Ke7 35. Bc4 Bb2 36. Nf3 a5 37. Kf1 a4 38. Ke2 a3 39. Kd3 Bb5 1/2-1/2

[Event "Open de la Loire 2014-2015"]
[Site "Aurec"]
[Date "2015.03.28"]
[Round "8.8"]
[White "Fournier, Gerald"]
[Black "Boeuf, Jean-Julien"]
[Result "0-1"]
[WhiteElo "1490"]
[BlackElo "1508"]
[PlyCount "66"]
[EventDate "2015.??.??"]

1. b4 Nf6 2. Bb2 d5 3. e3 e6 4. a3 c5 5. b5 a6 6. Nf3 axb5 7. Bxb5+ Bd7 8. c4
Bxb5 9. cxb5 Be7 10. O-O O-O 11. a4 Nbd7 12. Nc3 Nb6 13. d3 Qc7 14. a5 Nbd7 15.
b6 Qc6 16. Qa4 Qc8 17. Nb5 Nxb6 18. Qh4 Nbd7 19. e4 dxe4 20. dxe4 Qc6 21. Nc3
Bd8 22. Qg3 Bxa5 23. Rad1 Bc7 24. Qh4 Ne5 25. Nxe5 Bxe5 26. f4 Bd4+ 27. Kh1
Nxe4 28. Rf3 b5 29. Rh3 Nf2+ 30. Kg1 Nxh3+ 31. Kh1 Ng1 32. Rxd4 cxd4 33. Kxg1
dxc3 0-1

[Event "Open de la Loire 2014-2015"]
[Site "Aurec"]
[Date "2015.03.28"]
[Round "8.9"]
[White "Guichard, Thomas"]
[Black "Martin, Julien"]
[Result "1-0"]
[WhiteElo "1460"]
[BlackElo "1545"]
[PlyCount "65"]
[EventDate "2015.??.??"]

1. e4 e5 2. Nf3 d6 3. d4 exd4 4. Nxd4 Nf6 5. Nc3 Qe7 6. Bd3 d5 7. O-O Qe5 8.
Nf3 Qh5 9. exd5 Nxd5 10. Bb5+ c6 11. Qxd5 Qxd5 12. Nxd5 Bd6 13. Ba4 b5 14. Bb3
O-O 15. Ne3 Nd7 16. Bd2 Ba6 17. Rfe1 Nf6 18. Nf5 Bc5 19. Be3 Ne4 20. Bxc5 Nxc5
21. Ne7+ Kh8 22. Nxc6 Bb7 23. Ncd4 a6 24. Rad1 Rad8 25. Ne5 Nxb3 26. Nxb3 Rxd1
27. Rxd1 Kg8 28. Nd7 Re8 29. Nbc5 Bd5 30. b3 a5 31. Kf1 Bc6 32. f3 Rd8 33. Nf6+
1-0

[Event "Open de la Loire 2014-2015"]
[Site "Aurec"]
[Date "2015.03.28"]
[Round "8.10"]
[White "Trottet, Francois"]
[Black "Petrosyan, Armen"]
[Result "0-1"]
[WhiteElo "1400"]
[BlackElo "1480"]
[PlyCount "114"]
[EventDate "2015.??.??"]

1. e4 e5 2. Nf3 Nc6 3. Bb5 d6 4. d4 Bd7 5. O-O Be7 6. Nc3 Nf6 7. h3 a6 8. Bc4
exd4 9. Nxd4 Na5 10. Bd3 c5 11. Nf5 Rg8 12. Nxe7 Qxe7 13. Nd5 Nxd5 14. exd5
O-O-O 15. Re1 Qf6 16. Rb1 b5 17. b4 Nb7 18. Bb2 Qg5 19. Bc1 Qxd5 20. a4 c4 21.
Be4 Qxd1 22. Bxb7+ Kxb7 23. Rxd1 Kc6 24. a5 Bf5 25. Rb2 Rge8 26. Be3 h6 27. c3
Bd3 28. Bb6 Rd7 29. Bd4 f6 30. f4 Rde7 31. Kf2 Re6 32. g4 Re4 33. f5 R4e7 34.
Rbd2 h5 35. Kf3 Be4+ 36. Kg3 hxg4 37. Kxg4 Bd3 38. Rf2 Be2+ 39. Rxe2 Rxe2 40.
Rf1 Kd5 41. Rh1 Re1 42. Rh2 Rf1 43. Kh5 Rxf5+ 44. Kg6 Rg5+ 45. Kf7 Re4 46. h4
Rgg4 47. h5 Rh4 48. Rxh4 Rxh4 49. Kxg7 Rxh5 50. Bxf6 Ke4 51. Kg6 Re5 52. Bh8 d5
53. Bxe5 Kxe5 54. Kf7 Ke4 55. Ke6 d4 56. cxd4 Kxd4 57. Kd6 c3 0-1

[Event "Open de la Loire 2014-2015"]
[Site "Aurec"]
[Date "2015.03.28"]
[Round "8.11"]
[White "Bournez, Gerard"]
[Black "Piguet, Francois"]
[Result "0-1"]
[WhiteElo "1330"]
[BlackElo "1599"]
[PlyCount "122"]
[EventDate "2015.??.??"]

1. e4 Nf6 2. Nc3 e5 3. Nf3 Nc6 4. d4 exd4 5. Nxd4 Nxd4 6. Qxd4 d6 7. Bg5 Be7 8.
Be2 O-O 9. Bxf6 Bxf6 10. Qd3 c6 11. O-O Re8 12. Bf3 Be6 13. h3 Qc7 14. Rad1
Rad8 15. b3 Be5 16. Ne2 d5 17. exd5 Bxd5 18. Bxd5 Rxd5 19. Qf3 Red8 20. Rd3
Rxd3 21. cxd3 Rd5 22. Kh1 Qd6 23. Rd1 Qf6 24. Qxf6 Bxf6 25. Ng3 Bd4 26. f3 f5
27. Ne2 Bf6 28. Nf4 Rd6 29. Ne2 Kf7 30. f4 a5 31. g3 g6 32. Kg2 b6 33. Kf3 Ke6
34. g4 h6 35. gxf5+ gxf5 36. Ng3 Rd5 37. Re1+ Kd7 38. Rd1 c5 39. Ke2 Ke6 40.
Nh5 Bd4 41. Ng3 Kf6 42. Nh5+ Kg6 43. Ng3 h5 44. Nf1 Rd6 45. Nd2 Re6+ 46. Kf1
Re3 47. Nc4 Rxh3 48. Nxb6 Rh1+ 49. Ke2 Rxd1 50. Kxd1 h4 51. Ke1 Kh5 52. Kf1 Kg4
53. Kg2 h3+ 54. Kh1 Kxf4 55. Nc4 Kg3 56. Nd2 Be3 57. Nf1+ Kf2 58. Nxe3 Kxe3 59.
Kh2 f4 60. Kxh3 Ke2 61. Kh2 f3 0-1

[Event "Open de la Loire 2014-2015"]
[Site "Aurec"]
[Date "2015.03.28"]
[Round "8.12"]
[White "Legendre, Julien"]
[Black "Dugelay, Alain"]
[Result "1-0"]
[WhiteElo "1490"]
[BlackElo "1080"]
[PlyCount "40"]
[EventDate "2015.??.??"]

1. d4 d5 2. c3 e6 3. Bf4 Bd6 4. Bxd6 Qxd6 5. e3 Nf6 6. Bd3 O-O 7. f4 Bd7 8. Nd2
Nc6 9. Ne2 Ng4 10. Nf1 Qe7 11. h3 Qh4+ 12. g3 Nxe3 13. Nxe3 Qf6 14. Qc2 g6 15.
h4 h5 16. O-O-O Ne7 17. g4 Qg7 18. gxh5 gxh5 19. Rdg1 Ng6 20. Bxg6 f5 1-0

[Event "Open de la Loire 2014-2015"]
[Site "Aurec"]
[Date "2015.03.28"]
[Round "8.13"]
[White "Choquelle, Jean"]
[Black "Mialon, Franck"]
[Result "0-1"]
[WhiteElo "1210"]
[BlackElo "1320"]
[PlyCount "111"]
[EventDate "2015.??.??"]

1. e4 e5 2. Nf3 Nc6 3. c3 Nf6 4. d3 Be7 5. Be2 O-O 6. O-O b6 7. a3 Bb7 8. Nbd2
d5 9. Nh4 d4 10. Nf5 Nh5 11. g3 Bf6 12. Nf3 Bc8 13. N3h4 Bxh4 14. Bxh5 g6 15.
Nh6+ Kh8 16. Be2 Bh3 17. Bg4 Bg5 18. Qf3 Kg7 19. Nf5+ gxf5 20. Bxf5 Bxf5 21.
Qxf5 Bxc1 22. Raxc1 Kh8 23. c4 Rg8 24. h4 Qxh4 25. Kg2 Qh6 26. Rh1 Qg7 27. Rh3
Ne7 28. Qf3 Ng6 29. Rch1 Nf4+ 30. Kf1 Nxh3 31. Rxh3 Qg4 32. Kg2 Raf8 33. Rh5
Qg7 34. Qf5 Qg6 35. Qf3 Qg4 36. Qf6+ Rg7 37. Rxe5 h5 38. Qh6+ Rh7 39. Qf6+ Qg7
40. Qf4 h4 41. Rg5 h3+ 42. Kh2 Qh6 43. Qe5+ Rg7 44. Rh5 Qxh5 45. Qxh5+ Rh7 46.
Qe5+ Kg8 47. Qxd4 f5 48. Qd5+ Rff7 49. Qd8+ Kg7 50. Qg5+ Kh8 51. exf5 Rfg7 52.
Qd8+ Rg8 53. Qf6+ Rhg7 54. Qh4+ Rh7 55. Qd4+ Rgg7 56. f6 0-1

[Event "Open de la Loire 2014-2015"]
[Site "Aurec"]
[Date "2015.03.28"]
[Round "8.14"]
[White "Poncet, Baptiste"]
[Black "Duffy, Claudine"]
[Result "1-0"]
[WhiteElo "1130"]
[BlackElo "1070"]
[PlyCount "51"]
[EventDate "2015.??.??"]

1. e4 e5 2. Nf3 Nc6 3. Bc4 Nf6 4. d3 Bc5 5. O-O O-O 6. Bg5 h6 7. Bh4 d6 8. h3
b6 9. c3 a6 10. a3 Na5 11. Bd5 Ra7 12. d4 exd4 13. cxd4 Nxd5 14. Bxd8 Rxd8 15.
exd5 Nc4 16. dxc5 Nxb2 17. Qc2 Na4 18. Re1 Nxc5 19. Nc3 Bd7 20. Re2 g6 21. Rae1
Bf5 22. Re8+ Rxe8 23. Rxe8+ Kg7 24. Ne4 Bxe4 25. Qb2+ Kh7 26. Rh8# 1-0

[Event "Open de la Loire 2014-2015"]
[Site "Aurec"]
[Date "2015.05.02"]
[Round "9.1"]
[White "Schuhmann, Alain"]
[Black "Bragado, Kevin"]
[Result "1-0"]
[WhiteElo "1520"]
[BlackElo "1720"]
[PlyCount "87"]
[EventDate "2015.??.??"]

1. e4 c6 2. f4 d5 3. exd5 cxd5 4. Nf3 Nf6 5. d4 Bg4 6. Be2 Nc6 7. O-O Qb6 8. c3
e6 9. Nbd2 a5 10. a4 Be7 11. Nb3 Ne4 12. Nfd2 Bxe2 13. Qxe2 Nxd2 14. Nxd2 Bf6
15. Nf3 O-O 16. Be3 Ne7 17. Bf2 Nf5 18. Rfd1 Nd6 19. Ne5 Qc7 20. Ng4 Ne4 21. f5
exf5 22. Nxf6+ Nxf6 23. Qe5 Qd7 24. Bg3 Rfe8 25. Qc7 Qxc7 26. Bxc7 Re2 27. b4
axb4 28. cxb4 Rc8 29. Rdc1 Rce8 30. a5 Ng4 31. b5 Ne3 32. a6 bxa6 33. b6 Rxg2+
34. Kh1 Rb2 35. Rab1 Rxb1 36. Rxb1 h5 37. b7 g5 38. Rb6 f4 39. Rxa6 f3 40. Kg1
Kg7 41. Ra8 f2+ 42. Kxf2 Ng4+ 43. Kf1 Nxh2+ 44. Bxh2 1-0

[Event "Open de la Loire 2014-2015"]
[Site "Aurec"]
[Date "2015.05.02"]
[Round "9.2"]
[White "Briancon, Jean-Philippe"]
[Black "Imperiali, Joris"]
[Result "0-1"]
[WhiteElo "1412"]
[BlackElo "1578"]
[PlyCount "38"]
[EventDate "2015.??.??"]

1. e4 e5 2. f4 d5 3. exd5 e4 4. Nc3 f5 5. d3 Nf6 6. dxe4 fxe4 7. Be3 Bb4 8.
Bb5+ Bd7 9. Bxd7+ Qxd7 10. Qd4 Bxc3+ 11. Qxc3 Qxd5 12. Qxc7 O-O 13. Ne2 Nc6 14.
Qxb7 Rab8 15. Qa6 Nb4 16. Qa4 Qc4 17. Nc3 Nfd5 18. Kf2 Nxc3 19. bxc3 Nd3+ 0-1

[Event "Open de la Loire 2014-2015"]
[Site "Aurec"]
[Date "2015.05.02"]
[Round "9.3"]
[White "Allabrune, Guillaume"]
[Black "Acikgoz, Tuncay"]
[Result "1/2-1/2"]
[WhiteElo "1503"]
[BlackElo "1610"]
[PlyCount "79"]
[EventDate "2015.??.??"]

1. e4 c6 2. d4 d5 3. Nc3 e6 4. e5 c5 5. Nce2 cxd4 6. Nxd4 Nc6 7. Ngf3 Qb6 8.
Be2 Nge7 9. O-O Ng6 10. Re1 Bc5 11. c3 Ngxe5 12. Nxe5 Nxe5 13. Bb5+ Nc6 14. Qg4
Kf8 15. Bxc6 bxc6 16. b4 Bxd4 17. Qxd4 Qxd4 18. cxd4 Ba6 19. Bf4 Ke7 20. Re3
Bc4 21. a4 Rhd8 22. Rg3 Rg8 23. Rb1 a6 24. Bc7 Kd7 25. Bb6 Rae8 26. Re1 f6 27.
f4 g5 28. fxg5 Rxg5 29. Rxg5 fxg5 30. Bc5 Rg8 31. Re3 g4 32. Re5 Rg7 33. Rh5
Rf7 34. g3 Bf1 35. Re5 Bd3 36. Re1 Rf3 37. a5 Bf5 38. Kg2 Rd3 39. Kf2 Be4 40.
Re3 1/2-1/2

[Event "Open de la Loire 2014-2015"]
[Site "Aurec"]
[Date "2015.05.02"]
[Round "9.4"]
[White "Boeuf, Jeremy"]
[Black "Boeuf, Jean-Julien"]
[Result "1/2-1/2"]
[WhiteElo "1585"]
[BlackElo "1508"]
[PlyCount "42"]
[EventDate "2015.??.??"]

1. f4 e5 2. fxe5 d6 3. Nf3 Nc6 4. e4 Nxe5 5. d4 Nxf3+ 6. Qxf3 Qh4+ 7. g3 Bg4 8.
Qxf7+ Kxf7 9. gxh4 Bf3 10. Bc4+ Ke8 11. O-O Bxe4 12. Re1 Nf6 13. Nc3 d5 14. Bd3
Bb4 15. Bg5 Kf7 16. Bxf6 Bxd3 17. cxd3 Bxc3 18. bxc3 gxf6 19. c4 Rhg8+ 20. Kf2
Rg4 21. Rab1 b6 1/2-1/2

[Event "Open de la Loire 2014-2015"]
[Site "Aurec"]
[Date "2015.05.02"]
[Round "9.5"]
[White "Vier, Serge"]
[Black "Barrandon, Georges"]
[Result "1-0"]
[WhiteElo "1665"]
[BlackElo "1460"]
[PlyCount "43"]
[EventDate "2015.??.??"]

1. d4 d5 2. c4 e6 3. Nc3 g6 4. Nf3 Bg7 5. cxd5 exd5 6. Bf4 Ne7 7. Qb3 O-O 8. e3
c6 9. Bd3 Nd7 10. O-O Nf6 11. Qc2 Bg4 12. Ne5 Be6 13. b4 Ng4 14. Nxg4 Bxg4 15.
Rac1 Qd7 16. b5 Bf5 17. Bxf5 Qxf5 18. Qxf5 Nxf5 19. bxc6 bxc6 20. Na4 Rfc8 21.
Rc2 a5 22. Nb6 1-0

[Event "Open de la Loire 2014-2015"]
[Site "Aurec"]
[Date "2015.05.02"]
[Round "9.6"]
[White "Liogier, Pascal"]
[Black "Guichard, Thomas"]
[Result "1-0"]
[WhiteElo "1600"]
[BlackElo "1460"]
[PlyCount "71"]
[EventDate "2015.??.??"]

1. d4 d5 2. Nf3 Nf6 3. Bf4 Bf5 4. Ne5 e6 5. Nd2 Be7 6. Ndf3 Nbd7 7. e3 Nh5 8.
Bg3 Nxg3 9. hxg3 h6 10. Bd3 Bxd3 11. Qxd3 Bf6 12. Nxd7 Qxd7 13. Rc1 Qa4 14. a3
O-O-O 15. O-O Kb8 16. c4 c6 17. cxd5 cxd5 18. Rc5 h5 19. Rfc1 a6 20. Qc3 Qd7
21. Rc7 Qd6 22. Qc5 Qxc5 23. R1xc5 Rdf8 24. Ne5 Bxe5 25. dxe5 h4 26. Re7 Rc8
27. Rxc8+ Rxc8 28. gxh4 Rc1+ 29. Kh2 Rc2 30. Rxf7 Rxb2 31. h5 Kc8 32. Rxg7 Rxf2
33. h6 Rf5 34. h7 Rh5+ 35. Kg1 d4 36. exd4 1-0

[Event "Open de la Loire 2014-2015"]
[Site "Aurec"]
[Date "2015.05.02"]
[Round "9.7"]
[White "Desassis, Jean-Francois"]
[Black "Libiszewski, Christian"]
[Result "0-1"]
[WhiteElo "1491"]
[BlackElo "1428"]
[PlyCount "72"]
[EventDate "2015.??.??"]

1. c4 Nf6 2. Nc3 c6 3. Qa4 e6 4. Nf3 d5 5. e3 Bd6 6. Be2 Nbd7 7. d4 O-O 8. c5
Bc7 9. O-O e5 10. Qc2 e4 11. Nd2 Re8 12. f3 exf3 13. Nxf3 Nf8 14. b4 Bg4 15. b5
Qb8 16. Ng5 Bxe2 17. Nxe2 Bxh2+ 18. Kh1 Bc7 19. bxc6 bxc6 20. Rb1 Qd8 21. Qf5
Qe7 22. Bd2 h6 23. Nh3 Ne4 24. Be1 Rab8 25. Bf2 Rxb1 26. Rxb1 Nxf2+ 27. Qxf2
Qxe3 28. Neg1 Qxf2 29. Nxf2 Ne6 30. Rb7 a5 31. Nf3 Bg3 32. Nd3 f6 33. Rb6 Rb8
34. Rxc6 Rb1+ 35. Ng1 Nxd4 36. Rc8+ Kf7 0-1

[Event "Open de la Loire 2014-2015"]
[Site "Aurec"]
[Date "2015.05.02"]
[Round "9.8"]
[White "Petrosyan, Armen"]
[Black "Volay, Pascal"]
[Result "1-0"]
[WhiteElo "1480"]
[BlackElo "1480"]
[PlyCount "75"]
[EventDate "2015.??.??"]

1. Nf3 d5 2. e3 Nf6 3. d4 Bg4 4. c4 e6 5. Qa4+ Qd7 6. Qb3 Bxf3 7. gxf3 b6 8.
cxd5 exd5 9. Nc3 c6 10. Bd2 Bd6 11. e4 dxe4 12. fxe4 Be7 13. Bc4 O-O 14. e5 b5
15. Be2 Nd5 16. Ne4 Na6 17. Rg1 Rfc8 18. a3 Rab8 19. Bg4 f5 20. Bxf5 Qxf5 21.
Ng3 Qg4 22. Qd3 Rf8 23. Be3 Nxe3 24. fxe3 Bg5 25. Kd2 Rf2+ 26. Kc3 Qe6 27. Ne4
Be7 28. Nxf2 Nc7 29. e4 Rf8 30. Rg2 Qh3 31. Rag1 g6 32. Ng4 Qh5 33. Rf1 Rxf1
34. Qxf1 Qh3+ 35. Kc2 Ne6 36. d5 Nd4+ 37. Kb1 Qd3+ 38. Qxd3 1-0

[Event "Open de la Loire 2014-2015"]
[Site "Aurec"]
[Date "2015.05.02"]
[Round "9.9"]
[White "Piguet, Francois"]
[Black "Fauvin, David"]
[Result "0-1"]
[WhiteElo "1599"]
[BlackElo "1620"]
[PlyCount "57"]
[EventDate "2015.??.??"]

1. e4 e6 2. d4 d5 3. exd5 exd5 4. Qf3 Nf6 5. Bf4 a6 6. Bd3 Nc6 7. c3 Bd6 8.
Bxd6 Qxd6 9. Ne2 O-O 10. O-O Re8 11. h3 Nd8 12. Nd2 Ne6 13. Rfe1 b5 14. Ng3 Bb7
15. Nf5 Qf4 16. Rxe6 Qxd2 17. Rd1 Qg5 18. Re5 Rxe5 19. dxe5 Nd7 20. h4 Qd8 21.
Qg3 Qf8 22. Nh6+ Kh8 23. Ng4 Nc5 24. Bc2 Re8 25. f3 c6 26. Qf4 Bc8 27. h5 Bxg4
28. fxg4 Ne6 29. Qf5 0-1

[Event "Open de la Loire 2014-2015"]
[Site "Aurec"]
[Date "2015.05.02"]
[Round "9.10"]
[White "Mialon, Franck"]
[Black "Fournier, Gerald"]
[Result "0-1"]
[WhiteElo "1320"]
[BlackElo "1490"]
[PlyCount "68"]
[EventDate "2015.??.??"]

1. e4 c5 2. d4 cxd4 3. c3 dxc3 4. Nxc3 Nc6 5. Bc4 e6 6. Nf3 Nge7 7. Bf4 Ng6 8.
Bg3 a6 9. Bd3 Be7 10. Qc2 Nb4 11. Qe2 Nxd3+ 12. Qxd3 O-O 13. O-O b5 14. Rae1
Bb7 15. Ne2 Rc8 16. Ne5 Nxe5 17. Bxe5 Bc6 18. f4 f6 19. Bc3 Qb6+ 20. Kh1 Qb7
21. Ng3 f5 22. Qe2 fxe4 23. Qg4 Bf6 24. Nh5 Bxc3 25. bxc3 g6 26. Qg5 Rf5 27.
Nf6+ Kg7 28. Nh5+ Kf7 29. Qg4 gxh5 30. Qh4 Rg8 31. Re3 Qb6 32. Rfe1 Rg4 33. Qf2
Rgxf4 34. Qc2 Rf1+ 0-1

[Event "Open de la Loire 2014-2015"]
[Site "Aurec"]
[Date "2015.05.02"]
[Round "9.11"]
[White "Legendre, Julien"]
[Black "Trottet, Francois"]
[Result "0-1"]
[WhiteElo "1490"]
[BlackElo "1400"]
[PlyCount "76"]
[EventDate "2015.??.??"]

1. d4 Nf6 2. c3 e6 3. Bg5 d5 4. e3 Nbd7 5. Bd3 Be7 6. f4 h6 7. Bxf6 Nxf6 8. Nd2
O-O 9. Ngf3 c5 10. Ne5 Qb6 11. b3 Qa5 12. Qc2 cxd4 13. exd4 Bd7 14. Nxd7 Nxd7
15. b4 Qc7 16. O-O Rac8 17. c4 Bxb4 18. a3 Bxd2 19. Qxd2 dxc4 20. Rac1 b5 21.
f5 Qd6 22. Be4 Nf6 23. Rf4 Nxe4 24. Rxe4 exf5 25. Rh4 Rc5 26. Rd1 Rd5 27. Rf1
Qf6 28. Qf4 g5 29. Qf3 gxh4 30. Qxd5 Rd8 31. Rxf5 Qxd4+ 32. Qxd4 Rxd4 33. Rxb5
c3 34. Kf2 c2 35. Ke3 Ra4 36. Rc5 a5 37. Kd2 Rg4 38. Kxc2 Rxg2+ 0-1

[Event "Open de la Loire 2014-2015"]
[Site "Aurec"]
[Date "2015.05.02"]
[Round "9.12"]
[White "Bournez, Gerard"]
[Black "Choquelle, Jean"]
[Result "1-0"]
[WhiteElo "1330"]
[BlackElo "1210"]
[PlyCount "66"]
[EventDate "2015.??.??"]

1. e4 e5 2. Nc3 Bc5 3. Nf3 d6 4. Bc4 Be6 5. Bxe6 fxe6 6. O-O Nc6 7. a3 Qe7 8.
d3 h6 9. Be3 Nd4 10. Na4 b6 11. Nxc5 bxc5 12. Bxd4 Qf6 13. Be3 Ne7 14. c4 O-O
15. b4 Ng6 16. b5 a6 17. a4 Qe7 18. a5 Nf4 19. b6 cxb6 20. axb6 Qb7 21. Rb1 a5
22. Qd2 Ng6 23. Ra1 a4 24. Qb2 Ra5 25. Ra3 Rfa8 26. Rb1 R8a6 27. h3 Ra8 28. Qc3
Qa6 29. b7 Rb8 30. Qb2 Qc6 31. Qb6 Ra6 32. Qxc6 Rxc6 33. Rxa4 Rc7 1-0

[Event "Open de la Loire 2014-2015"]
[Site "Aurec"]
[Date "2015.05.02"]
[Round "9.13"]
[White "Brachet, Gerard"]
[Black "Raffin, Philippe"]
[Result "1-0"]
[WhiteElo "1320"]
[BlackElo "1399"]
[PlyCount "75"]
[EventDate "2015.??.??"]

1. e4 e5 2. Nf3 d6 3. Bc4 Nc6 4. Nc3 Nf6 5. d3 Bg4 6. h3 Bh5 7. g4 Nxg4 8. hxg4
Bxg4 9. Nd5 Qd7 10. Ne3 Be7 11. Rg1 h5 12. Rg3 d5 13. exd5 Bb4+ 14. c3 Bc5 15.
dxc6 Qxc6 16. Nxg4 hxg4 17. Ng1 f5 18. Qe2 O-O-O 19. Bg5 Rde8 20. O-O-O Qa4 21.
Bb3 Qa6 22. d4 exd4 23. Qxa6 bxa6 24. cxd4 Bb6 25. f3 Re3 26. Bxe3 Re8 27. fxg4
fxg4 28. Rd3 Re4 29. Bd5 Re7 30. Rxg4 Ba5 31. Nf3 Bb4 32. Ne5 Bd6 33. Nc6 Rd7
34. Nxa7+ Kb8 35. Nc6+ Kc8 36. Rb3 Rf7 37. Be6+ Rd7 38. Rb8# 1-0

[Event "Open de la Loire 2014-2015"]
[Site "Aurec"]
[Date "2015.05.02"]
[Round "10.1"]
[White "Imperiali, Joris"]
[Black "Schuhmann, Alain"]
[Result "1-0"]
[WhiteElo "1578"]
[BlackElo "1520"]
[PlyCount "90"]
[EventDate "2015.??.??"]

1. e4 c5 2. Nf3 Nc6 3. d4 cxd4 4. Nxd4 e5 5. Nb5 Nf6 6. N1c3 a6 7. Nd6+ Bxd6 8.
Qxd6 Qe7 9. Qc7 d6 10. Qxe7+ Nxe7 11. Bg5 h6 12. Bh4 g5 13. Bg3 O-O 14. O-O-O
Ne8 15. h4 f6 16. Bc4+ Kg7 17. hxg5 fxg5 18. f3 b5 19. Bd5 Ra7 20. Bf2 Rd7 21.
Be6 Rc7 22. Bxc8 Rxc8 23. Ne2 Rc6 24. Ng3 Nf6 25. Nh5+ Nxh5 26. Rxh5 Rfc8 27.
Rd2 Ng6 28. Be3 Nf4 29. Rh1 Ne6 30. g3 Kg6 31. Rhd1 Kf7 32. f4 gxf4 33. gxf4
Nd4 34. Bxd4 exd4 35. Rh2 d5 36. exd5 Rf6 37. Rxd4 Rc4 38. Rxc4 bxc4 39. Kd2
Rxf4 40. Rxh6 Rd4+ 41. Kc3 Rxd5 42. Rxa6 Rc5 43. Ra4 Ke7 44. Rxc4 Rxc4+ 45.
Kxc4 Kd6 1-0

[Event "Open de la Loire 2014-2015"]
[Site "Aurec"]
[Date "2015.05.02"]
[Round "10.2"]
[White "Acikgoz, Tuncay"]
[Black "Bragado, Kevin"]
[Result "1-0"]
[WhiteElo "1610"]
[BlackElo "1720"]
[PlyCount "113"]
[EventDate "2015.??.??"]

1. d4 d5 2. Nf3 Nf6 3. g3 e6 4. Bg2 Bd6 5. c4 c6 6. O-O O-O 7. Nc3 dxc4 8. e4
Be7 9. Ne5 c5 10. dxc5 Bxc5 11. Nxc4 Nc6 12. e5 Nd7 13. Bxc6 bxc6 14. Qg4 f5
15. exf6 Nxf6 16. Qg5 Nd5 17. Qxd8 Rxd8 18. Bg5 Ba6 19. Bxd8 Bxc4 20. Ne4 Bxf1
21. Nxc5 Rxd8 22. Kxf1 Nc7 23. Ke2 Rd5 24. Nd3 Nb5 25. Rc1 Kf7 26. Ke3 Nd4 27.
Rc4 Nf5+ 28. Kd2 Ne7 29. Ke3 Kf6 30. Re4 g5 31. f4 g4 32. Ne5 h5 33. Rc4 Ra5
34. a3 Rb5 35. b4 Rb8 36. Nxc6 Rc8 37. Ne5 Rxc4 38. Nxc4 Nd5+ 39. Kd3 Nc7 40.
a4 a6 41. Ne3 Ke7 42. Kc4 Kd6 43. Kd4 Na8 44. Nc4+ Kd7 45. a5 Nc7 46. Ne5+ Kd6
47. Nc4+ Ke7 48. Ke5 Nd5 49. f5 Nxb4 50. fxe6 Nc6+ 51. Kf5 Nd4+ 52. Kg5 Kxe6
53. Kxh5 Kd5 54. Nb6+ Kc5 55. Kxg4 Kb5 56. h4 Kxa5 57. h5 1-0

[Event "Open de la Loire 2014-2015"]
[Site "Aurec"]
[Date "2015.05.02"]
[Round "10.3"]
[White "Allabrune, Guillaume"]
[Black "Petrosyan, Armen"]
[Result "1-0"]
[WhiteElo "1503"]
[BlackElo "1480"]
[PlyCount "39"]
[EventDate "2015.??.??"]

1. e4 e5 2. Nf3 d6 3. d4 exd4 4. Nxd4 c5 5. Bb5+ Bd7 6. Bxd7+ Nxd7 7. Nf5 g6 8.
Nxd6+ Bxd6 9. Qxd6 Qa5+ 10. Bd2 Qb5 11. Nc3 Qb6 12. Qxb6 Nxb6 13. Nb5 Kd7 14.
O-O-O Kc6 15. Bc3 f6 16. Nd6 h5 17. b3 Rh7 18. a4 Nd7 19. Nb5 a6 20. Rd6# 1-0

[Event "Open de la Loire 2014-2015"]
[Site "Aurec"]
[Date "2015.05.02"]
[Round "10.4"]
[White "Boeuf, Jean-Julien"]
[Black "Briancon, Jean-Philippe"]
[Result "1/2-1/2"]
[WhiteElo "1508"]
[BlackElo "1412"]
[PlyCount "96"]
[EventDate "2015.??.??"]

1. e4 c6 2. d4 d5 3. e5 Bf5 4. c4 e6 5. Bd3 Bxd3 6. Qxd3 c5 7. Be3 cxd4 8. Bxd4
Nc6 9. Nf3 dxc4 10. Qxc4 Rc8 11. O-O Nxe5 12. Qb5+ Nc6 13. Bxa7 Qd7 14. Bb6 Bd6
15. Nc3 Ne5 16. Qxd7+ Nxd7 17. Bd4 Ngf6 18. Rfd1 Bb4 19. a3 Bxc3 20. bxc3 O-O
21. Ne5 Nxe5 22. Bxe5 Nd5 23. Rd3 f6 24. Bd6 Rfd8 25. Bb4 Rc4 26. Rad1 Rdc8 27.
Rd4 Nxc3 28. Rd8+ Rxd8 29. Rxd8+ Kf7 30. g3 b5 31. h4 Nd5 32. Rd7+ Kg6 33. Bf8
Rc7 34. Rxc7 Nxc7 35. h5+ Kxh5 36. Bxg7 Kg6 37. Bf8 Nd5 38. Kf1 b4 39. Ke2 Kg5
40. f3 h5 41. Kf2 h4 42. gxh4+ Kxh4 43. Bd6 Kg5 44. Kg3 e5 45. Bc5 Kf5 46. Bd6
e4 47. fxe4+ Kxe4 48. Bc5 f5 1/2-1/2

[Event "Open de la Loire 2014-2015"]
[Site "Aurec"]
[Date "2015.05.02"]
[Round "10.5"]
[White "Vier, Serge"]
[Black "Boeuf, Jeremy"]
[Result "1-0"]
[WhiteElo "1665"]
[BlackElo "1585"]
[PlyCount "93"]
[EventDate "2015.??.??"]

1. d4 Nf6 2. Nf3 e6 3. Bg5 Be7 4. c4 b6 5. g3 Bb7 6. Bg2 d5 7. Ne5 O-O 8. O-O
h6 9. Bd2 Nbd7 10. cxd5 exd5 11. Nxd7 Qxd7 12. Nc3 c5 13. dxc5 bxc5 14. Rc1
Rac8 15. Qb3 Bc6 16. Rfd1 Rfe8 17. Bf4 d4 18. Bxc6 Qxc6 19. Nb1 Qb6 20. Qxb6
axb6 21. b3 Nd5 22. Bd2 Ra8 23. a4 Bg5 24. Bxg5 hxg5 25. Kf1 Re5 26. Rd2 g4 27.
Na3 Rae8 28. Nc4 Rh5 29. Kg2 Nc3 30. e3 b5 31. axb5 Nxb5 32. exd4 Nxd4 33. Rd3
Nf3 34. Rh1 Ne1+ 35. Rxe1 Rxe1 36. Rd8+ Kh7 37. Rd7 Rf5 38. Ne3 Rxe3 39. fxe3
Rf3 40. Rd3 Kg6 41. h3 f5 42. hxg4 fxg4 43. Rc3 Rf5 44. e4 Rh5 45. Rd3 Kf6 46.
Rd6+ Ke7 47. Rg6 1-0